000 00797nas a2200265 4500
001 BR9502199
003 BR-BrBNA
005 20231205094322.0
007 ta
008 230509b bl.|||p| |||| 00| 00por d
040 _aBR-BrBNA
_bpor
_cBiblioteca Nacional de Agricultura
041 _a(Pt)
072 _aF04
100 1 _aDal Ponte, J.C.V.
100 1 _aGarcia, A.
100 1 _aZonta, E.P.
100 1 _aMoraes, E.C.
245 1 _aInfluencia de materiais organicos, adubo mineral e tipos de mudas sobre a producao de bulbos de cebola (Allium cepa L.>
650 _aCebola
650 _aBulbo
650 _aFertilizante
773 0 _tHorti Sul (Brazil)
_xISSN 0103-3700
_g(Feb 1992), v. 2(1) p. 23-27
_wBR9502199
909 _a202311
_bLúcia
_c55
_dLúcia Elande
942 _2AGRIS
_n0
_cANA
999 _c143540
_d143540